000 00969nam a2200265Ia 4500
003 OSt
005 20221005111839.0
006 a|||||r|||| 00| 0
007 ta
008 221004b |||||||| |||| 00| 0 san d
020 _a8190363530 (hbk)
_cINR 500.00
024 _a34809
037 _b125, 12/09/2017, Eastern Book Linkers
_cTextual
040 _aCRL
_cCRL
_bsan
041 _2san
_asan
082 _aQ22:2291, 152Q6
100 _aसुशीला सिंह, अनु.
245 0 _aकल्कि पुराणम्ः भाषा-टीका
246 _aKalki purāṇamah bhāṣhā-ṭīkā
260 _aवाराणसी
_bआदित्य बुक सेन्टर भारत
_c2016
300 _a248पृ0
_ccm.
650 _aपुराण
942 _hQ22:2291, 152Q6
_cTEXL
_2cc
999 _c1023085
_d1023085